Metodología para análisis de seguridad vial en cruces ferroviarios sobre la red vial cantonal en la Gran Área Metropolitana
Enregistré dans:
| Auteur principal: | |
|---|---|
| Autres auteurs: | |
| Format: | Inconnue |
| Publié: |
[San José], Costa Rica
2019
|
| Sujets: | |
| Tags: |
Ajouter un tag
Pas de tags, Soyez le premier à ajouter un tag!
|
MARC
| LEADER | 00000 a2200000 4500 | ||
|---|---|---|---|
| 003 | 013151 | ||
| 005 | 20230307120002.0 | ||
| 008 | 140114s2019 c a m 000 ||s d | ||
| 040 | |c cru CEDI | ||
| 090 | |a TFG 8301 | ||
| 100 | |a De La Cruz Villalobos, Sofía, 1992- |9 139 | ||
| 245 | |a Metodología para análisis de seguridad vial en cruces ferroviarios sobre la red vial cantonal en la Gran Área Metropolitana | ||
| 260 | |a [San José], Costa Rica |c 2019 | ||
| 500 | |a Proyecto de graduación (licenciatura en ingeniería civil)--Universidad de Costa Rica. Facultad de Ingeniería. Escuela de Ingeniería Civil. Departamento. Transportes | ||
| 501 | |a Directora de Proyecto de Graduación:: Ing. Ana Catalina Vargas Sobrado, MSc. | ||
| 650 | |x SEGURIDAD VIAL |x VIAS FERREAS - MEDIDAS DE SEGURIDAD |x FERROCARRILES |x GRAN AREA METROPOLITANA (COSTA RICA) | ||
| 700 | |9 140 |a Vargas Sobrado, Ana Catalina, 1989- |d Directora del TFG | ||
| 942 | |c CEDI |h TFG 8301 |6 TFG_8301_000000000000000 | ||
| 999 | |c 11637 |d 11637 | ||
